=LDR 00000nam 2200000 4500 =001 INLIS000000000015924 =005 20200813105010 =035 ##$$a 0010-061300000015924 =008 200813################g##########0#ind## =041 ##$$a Ind =082 ##$$a 2x9.2 =090 ##$$a 2x9.2, Kha p =100 1#$$a Khalid, Khalid Muh =245 1#$$a Pembebas mesir dari cengkraman Romawi, (Amir Bin Ash), /$c Khalid Muh. Khalid ; Alih bahasa Mahyuddin Syaff dkk =250 ##$$a Serial karateristik perihidup 60 sahabat Rasulullah (seri 15) =260 ##$$a Bandung :$b cv. Diponegoro,$c 1994 =300 ##$$a 87 hlm, ; $c 11 x 17 cm =650 #4$$a Rasulullah, Sahabat =700 #$$a alih bahasa Syaff, Mahyuddin =850 ##$$a NBPNMAT =084 ##$$a 2x9.2 KHA p =990 ##$$a 141.212/pro99 =990 ##$$a 141.214/pro99 =990 ##$$a 141.215/pro99 =990 ##$$a 00044472